000 00264nam a22000977a 4500
999 _c517002
_d517002
082 _aTNC AA M264
100 _aMadhukar,Swami Harish
_923881
245 _aReflections of moment
_cBy Swami Harish Madhukar
260 _aPune
_bTripura publications
_c1992
300 _a72p.